000 01561cam a22004818a 4500
001 55113
005 20230410103902.0
008 070830s2007 nyua 001 0beng
035 _a(OCoLC)ocn154695697
040 _aUKM
_cUKM
_dBTCTA
_dBAKER
_dVP@
_dDRFGD
015 _aGBA771099
_2bnb
016 7 _a013834012
_2Uk
020 _a9781403984975 (pbk.)
020 _a1403984972 (pbk.)
020 _a9780230601581
020 _a0230601588
035 _a(OCoLC)154695697
041 1 _aeng
_hfre
050 1 4 _a416 DS 126.6
_bS531D 2007
082 0 0 _a956.9405/4092
049 _aGRAL
100 1 _aDan, Uri.
245 1 0 _aAriel Sharon :
_ban intimate portrait /
_cUri Dan.
260 _aNew York :
_bPalgrave Macmillan,
_c2007.
300 _axiii, 292 p.; 23 cm.
500 _aTraducción del original publicado en 2006: Entretiens intimes avec Ariel Sharon.
500 _aIncludes index.
546 _aTranslated from the French.
600 1 0 _aSharon, Ariel.
650 0 _aGenerals
_zIsrael
_vBiography.
650 0 _aPrime ministers
_zIsrael
_vBiography.
650 0 _aStatesmen
_zIsrael
_vBiography.
651 0 _aIsrael
_xPolitics and government.
600 1 4 _aSharon, Ariel, 1928-
650 4 _aGenerales
_zIsrael
_vBiografías.
650 4 _aMinistros de gobierno
_zIsrael
_vBiografías.
651 4 _aIsrael
_xPolitica y gobierno
938 _aBaker and Taylor
_bBTCP
_nBK0007242727
938 _aBaker & Taylor
_bBKTY
_c16.95
_d12.71
_i1403984972
_n0007179285
_sactive
942 _2lcc
_cbk
946 _almminaya
994 _aC0
_bDRFGD
999 _c27762
_d27762